00907nac a22002171u 4500010001600000020003300016082001900049090001500068100003400083245011100117260003100228300004700259500002000306650003900326700001900365856007400384856008900458942002100547999001500568952010600583 a 91031406 a0471502618 (acid-free paper)00a005.133bF5331 c4207d4207 aFisher, Steven, 10aPascal and beyond-- data abstraction and data structures using Turbo Pascal /cSteve Fisher, Stuart Reges. aNew York :bWiley,cc1992. axxiv, 496 p. :bill. (some col.) ;c25 cm. aIncludes index. 0aPascal (Computer program language)1 aReges, Stuart.4 3Table of Contentsuhttp://www.loc.gov/catdir/toc/onix04/91031406.html4 3Publisher descriptionuhttp://www.loc.gov/catdir/enhancements/fy0706/91031406-d.html cBBk005.133F5331 c4207d4207 00104070aMAINbMAINcLOWd2007-08-27ePurchasel0o005.133 FISp000000282r2025-07-15 00:00:00yBB